[Event "SLO-chT2 West"]
[Site "Slovenia"]
[Date "2010.11.06"]
[Round "2.3"]
[White "Jelen, Ales"]
[Black "Krasevec, Martin"]
[Result "0-1"]
[WhiteElo "1802"]
[BlackElo "1744"]
[PlyCount "52"]
[EventDate "2010.11.05"]
[EventType "team-tourn"]
[EventRounds "9"]
[EventCountry "SLO"]
[SourceTitle "EXT 2022"]
[Source "ChessBase"]
[SourceDate "2021.10.06"]
[SourceVersion "1"]
[SourceVersionDate "2021.10.06"]
[SourceQuality "1"]

1. e4 g5 2. d4 d5 3. exd5 Qxd5 4. Nc3 Qa5 5. Qh5 h6 6. Bc4 e6 7. h4 Bb4 8. Bd2 gxh4 9. Qxh4 Be7 10. Qg3 Qb6 11. 0-0-0 Bd7 12. Bf4 Na6 13. Bxa6 Qxa6 14. Bxc7 Nf6 15. f3 Rg8 16. Qf2 Rc8 17. Bf4 Rxc3 18. bxc3 Nd5 19. Ne2 Bb5 20. Rd3 Bxd3 21. cxd3 Qxd3 22. Bd2 Ba3+ 23. Kd1 Qb1+ 24. Bc1 Nxc3+ 25. Kd2 Nxa2 26. Rg1 Nb4 0-1

[Event "SLO-chT2 West"]
[Site "Kranj"]
[Date "2008.10.12"]
[Round "4.3"]
[White "Krasevec, Martin"]
[Black "Bajec, Borut"]
[Result "1-0"]
[WhiteElo "1840"]
[BlackElo "1753"]
[PlyCount "93"]
[EventDate "2008.10.11"]
[EventType "team-swiss"]
[EventRounds "9"]
[EventCountry "SLO"]
[SourceTitle "EXT 2010"]
[Source "ChessBase"]
[SourceDate "2010.11.25"]
[SourceVersion "1"]
[SourceVersionDate "2010.11.25"]
[SourceQuality "1"]
[WhiteTeam "Postojna"]
[BlackTeam "Trzin"]
[WhiteTeamCountry "SLO"]
[BlackTeamCountry "SLO"]

1. e4 c5 2. Ne2 d6 3. Ng3 Nf6 4. Be2 Nc6 5. c3 e6 6. d3 Be7 7. Nd2 d5 8. 0-0 d4 9. c4 0-0 10. f4 a6 11. Nf3 b5 12. b3 Rb8 13. Ng5 Ne8 14. Bh5 e5 15. Nxf7 Rxf7 16. Bxf7+ Kxf7 17. Qh5+ Kg8 18. fxe5 Be6 19. Bf4 g6 20. Qf3 Ng7 21. Rf2 Qd7 22. h3 Rf8 23. Qe2 Bh4 24. Rf3 g5 25. Bd2 Nxe5 26. Rxf8+ Kxf8 27. Rf1+ Kg8 28. Nh5 g4 29. Nf6+ Bxf6 30. Rxf6 gxh3 31. Qf1 Ng6 32. Qf3 Ne8 33. e5 Nxf6 34. exf6 hxg2 35. Bh6 Qc8 36. f7+ Bxf7 37. Qf6 Qf8 38. Bxf8 Kxf8 39. Kxg2 h5 40. cxb5 axb5 41. a4 bxa4 42. bxa4 Kg8 43. a5 Bd5+ 44. Kh2 Kh7 45. Qf5 Ba8 46. Qxh5+ Kg7 47. Qxc5 1-0